ՀՀ Գիտությունների ազգային ակադեմիայի հիմնարար գիտական գրադարան  =   Fundamental Scientific Library of NAS RA

Սովետական Հայաստանի աշխարհագրություն : (Record no. 132220)

MARC details
000 -LEADER
fixed length control field 00989nam a2200229 u 4500
001 - CONTROL NUMBER
control field 000346846
003 - CONTROL NUMBER IDENTIFIER
control field AM-YeHGA
005 - DATE AND TIME OF LATEST TRANSACTION
control field 20250618072154.0
008 - FIXED-LENGTH DATA ELEMENTS--GENERAL INFORMATION
fixed length control field 040301s1976 ai r 000 0 arm d
040 ## - CATALOGING SOURCE
Original cataloging agency AM-YeHGA
041 0# - LANGUAGE CODE
Language code of text/sound track or separate title arm
090 ## - LOCALLY ASSIGNED LC-TYPE CALL NUMBER (OCLC); LOCAL CALL NUMBER (RLIN)
-- 133586
100 1# - MAIN ENTRY--PERSONAL NAME
Personal name Ավագյան, Գրիգոր Երեմի,
Dates associated with a name 1928-2005
9 (RLIN) 9258
245 10 - TITLE STATEMENT
Title Սովետական Հայաստանի աշխարհագրություն :
Remainder of title Ուս. ձեռնարկ միջն. դպր. 8-րդ դաս. համար /
Statement of responsibility, etc. Գ.Ե. Ավագյան, Թ.Խ. Հակոբյան, Կ.Օ. Օհանյան.
250 ## - EDITION STATEMENT
Edition statement 6-րդ հրատ., վերամշակ. և բարեփոխ.
260 ## - PUBLICATION, DISTRIBUTION, ETC.
Place of publication, distribution, etc. Երևան :
Name of publisher, distributor, etc. Լույս,
Date of publication, distribution, etc. 1976.
300 ## - PHYSICAL DESCRIPTION
Extent 168 էջ
Other physical details նկ. ;
Dimensions 22 սմ.
650 14 - SUBJECT ADDED ENTRY--TOPICAL TERM
Topical term or geographic name entry element Աշխարհագրություն
Geographic subdivision Սովետական Հայաստան
Form subdivision Դասագիրք
700 1# - ADDED ENTRY--PERSONAL NAME
Personal name Հակոբյան, Թադևոս Խաչատուրի,
Dates associated with a name 1917-1989
9 (RLIN) 1216
700 1# - ADDED ENTRY--PERSONAL NAME
Personal name Օհանյան, Կիրակոս Օհանի
942 ## - ADDED ENTRY ELEMENTS (KOHA)
Source of classification or shelving scheme Universal Decimal Classification
Koha item type Գրքեր / Books
Holdings
Withdrawn status Lost status Damaged status Not for loan Collection Home library Current library Date acquired Total checkouts Full call number Barcode Date last seen Price effective from Koha item type Public note
        General Fundamental Scientific Library Fundamental Scientific Library 22/12/2016   91(075) 220056905 22/12/2016 22/12/2016 Գրքեր / Books 30 Days Loan


ՀՀ ԳԱԱ հիմնարար գիտական գրադարան
ՀՀ,Երևան 0019
Մարշալ Բաղրամյան 24/6
հեռախոս:(374-10) 52-47-50
Հետադարձ կապ

All site content, except where otherwise noted, is licensed under a
Creative Commons License